[Event "4. Festival da Figueira da Foz"]
[Site "Figueira da Foz POR"]
[Date "2007.10.28"]
[Round "1.1"]
[White "Spraggett, Kevin"]
[Black "Maltez, Nuno"]
[Result "1-0"]
[WhiteElo "2580"]
[BlackElo "2063"]
[PlyCount "77"]
[EventDate "2007.10.28"]
[EventType "swiss"]
[EventRounds "9"]
[EventCountry "POR"]
[Source "lmi"]
[SourceDate "2007.10.28"]

1. Nf3 f5 2. c4 Nf6 3. Nc3 e6 4. b3 d5 5. Bb2 c6 6. g3 Bd6 7. Bg2 O-O 8. O-O
Nbd7 9. d3 Qe7 10. Qc2 f4 11. e3 fxe3 12. fxe3 Ng4 13. Rae1 Nde5 14. Qe2 Bd7
15. Nxe5 Nxe5 16. d4 Nf7 17. e4 dxc4 18. e5 Bb4 19. bxc4 Rac8 20. Rd1 b5 21.
Ne4 Ng5 22. a3 Nxe4 23. axb4 Ng5 24. c5 a5 25. bxa5 Ra8 26. Bc3 Nf7 27. Ra1 Ra6
28. Be4 Nd8 29. Qd3 g6 30. Bd2 Qg7 31. Rxf8+ Qxf8 32. Bg5 Nf7 33. Bf6 Qh6 34.
h4 Be8 35. Kg2 Bd7 36. Kh3 Be8 37. g4 Bd7 38. g5 Qf8 39. Bxg6 1-0

[Event "4. Festival da Figueira da Foz"]
[Site "Figueira da Foz POR"]
[Date "2007.10.28"]
[Round "1.2"]
[White "Casaleiro, Rodolfo"]
[Black "Romanishin, Oleg"]
[Result "1/2-1/2"]
[WhiteElo "1965"]
[BlackElo "2547"]
[PlyCount "84"]
[EventDate "2007.10.28"]
[EventType "swiss"]
[EventRounds "9"]
[EventCountry "POR"]
[Source "lmi"]
[SourceDate "2007.10.28"]

1. e4 c5 2. Nf3 e6 3. d4 cxd4 4. Nxd4 Nc6 5. c4 Nf6 6. Nc3 Qc7 7. f3 a6 8. Be3
Ne5 9. Rc1 Bc5 10. Qd2 O-O 11. Be2 d6 12. g4 Bd7 13. g5 Ne8 14. h4 Rc8 15. b3
b5 16. f4 b4 17. Nd1 Nc6 18. Nf2 Nxd4 19. Bxd4 Bc6 20. Bxc5 dxc5 21. Qe3 f5 22.
O-O e5 23. Qxc5 exf4 24. e5 f3 25. Bd3 Qd7 26. Rcd1 Qe6 27. Qd4 Nc7 28. Qd6
Qxd6 29. exd6 Ne6 30. Rfe1 Nc5 31. Re7 Bd7 32. Bc2 Rf7 33. Rd5 Rxe7 34. dxe7
Kf7 35. Bxf5 Bxf5 36. Rxf5+ Kxe7 37. Rxf3 Ke6 38. Re3+ Kf5 39. Kg2 Rd8 40. Kf3
Rd4 41. Re7 Rxh4 42. Rxg7 Ne6 1/2-1/2

[Event "4. Festival da Figueira da Foz"]
[Site "Figueira da Foz POR"]
[Date "2007.10.28"]
[Round "1.3"]
[White "Paunovic, Dragan"]
[Black "Pinto, Pedro"]
[Result "1-0"]
[WhiteElo "2535"]
[BlackElo "1954"]
[PlyCount "51"]
[EventDate "2007.10.28"]
[EventType "swiss"]
[EventRounds "9"]
[EventCountry "POR"]
[Source "lmi"]
[SourceDate "2007.10.28"]

1. d4 Nf6 2. Nf3 b5 3. e3 a6 4. a4 b4 5. Bd3 Bb7 6. Nbd2 e6 7. O-O Be7 8. c4 c5
9. dxc5 Bxc5 10. b3 O-O 11. Bb2 Be7 12. Qc2 h6 13. Rad1 Qc7 14. Ne4 Ne8 15. Ng3
d6 16. Qd2 Nd7 17. e4 Rb8 18. Bc2 Bf6 19. Nd4 Nc5 20. Rfe1 Bg5 21. Qe2 d5 22.
cxd5 exd5 23. e5 Ne6 24. Qd3 g6 25. Nxe6 fxe6 26. Qxg6+ 1-0

[Event "4. Festival da Figueira da Foz"]
[Site "Figueira da Foz POR"]
[Date "2007.10.28"]
[Round "1.4"]
[White "Pinho, Tiago"]
[Black "Galego, Luis"]
[Result "0-1"]
[WhiteElo "1953"]
[BlackElo "2530"]
[PlyCount "30"]
[EventDate "2007.10.28"]
[EventType "swiss"]
[EventRounds "9"]
[EventCountry "POR"]
[Source "lmi"]
[SourceDate "2007.10.28"]

1. f4 d6 2. Nf3 g6 3. e4 Bg7 4. Be2 e5 5. d3 exf4 6. Nc3 g5 7. h3 h6 8. d4 Nc6
9. a3 Nge7 10. Qd3 d5 11. e5 a6 12. b3 Nf5 13. Rg1 Ng3 14. Bb2 Bf5 15. Qd2 Ne4
0-1

[Event "4. Festival da Figueira da Foz"]
[Site "Figueira da Foz POR"]
[Date "2007.10.28"]
[Round "1.5"]
[White "Velicka, Petr"]
[Black "Babo, Miguel"]
[Result "1-0"]
[WhiteElo "2519"]
[BlackElo "1948"]
[PlyCount "61"]
[EventDate "2007.10.28"]
[EventType "swiss"]
[EventRounds "9"]
[EventCountry "POR"]
[Source "lmi"]
[SourceDate "2007.10.28"]

1. e4 c5 2. Nf3 e6 3. d4 cxd4 4. Nxd4 Nc6 5. Nb5 d6 6. c4 a6 7. N5c3 Nf6 8. Be2
Be7 9. O-O O-O 10. Be3 b6 11. Nd2 Bb7 12. Rc1 Re8 13. a3 Rc8 14. b4 Bf8 15. Qb3
Ne5 16. Rfd1 Neg4 17. Bg5 h6 18. Bf4 Ne5 19. Bg3 Ned7 20. Qb1 e5 21. Nb3 Qc7
22. a4 Qb8 23. a5 Qa8 24. f3 d5 25. Nxd5 Bxd5 26. cxd5 Bxb4 27. Rxc8 Qxc8 28.
Rc1 Qb7 29. axb6 Qxb6+ 30. Bf2 Qb7 31. Na5 1-0

[Event "4. Festival da Figueira da Foz"]
[Site "Figueira da Foz POR"]
[Date "2007.10.28"]
[Round "1.7"]
[White "Rusev, Krasimir"]
[Black "Neves, Pedro"]
[Result "1-0"]
[WhiteElo "2479"]
[BlackElo "1915"]
[PlyCount "97"]
[EventDate "2007.10.28"]
[EventType "swiss"]
[EventRounds "9"]
[EventCountry "POR"]
[Source "lmi"]
[SourceDate "2007.10.28"]

1. d4 c5 2. d5 d6 3. c4 g6 4. e4 Bg7 5. Nc3 e6 6. h3 exd5 7. cxd5 a6 8. a4 Ne7
9. Nf3 O-O 10. Bd3 f5 11. O-O h6 12. Re1 f4 13. e5 dxe5 14. Nxe5 Kh7 15. d6
Bxe5 16. Rxe5 Nec6 17. Rxc5 Nd7 18. Rc4 Nde5 19. Rxf4 Rxf4 20. Bxf4 Qxd6 21.
Be4 Qxd1+ 22. Rxd1 Be6 23. Bxe5 Nxe5 24. Bxb7 Ra7 25. Bd5 Bf5 26. f4 Nf7 27.
Kf2 Kg7 28. g4 Bd7 29. Be4 Be6 30. Rd4 Kf6 31. Rb4 Nd6 32. Rb6 Nxe4+ 33. Nxe4+
Kf7 34. Nc3 Bc8 35. Rc6 Ra8 36. Rc7+ Kg8 37. Ke3 h5 38. Ne4 hxg4 39. hxg4 Rb8
40. Kd4 Kf8 41. Nf6 Be6 42. Ke5 Rc8 43. Rxc8+ Bxc8 44. b4 Kf7 45. b5 axb5 46.
axb5 Bb7 47. b6 Ke7 48. Ne4 Bc8 49. Nd6 1-0

[Event "4. Festival da Figueira da Foz"]
[Site "Figueira da Foz POR"]
[Date "2007.10.28"]
[Round "1.8"]
[White "Ferreira, Jorge"]
[Black "Dimitrov, Vladimir"]
[Result "0-1"]
[WhiteElo "1902"]
[BlackElo "2471"]
[PlyCount "120"]
[EventDate "2007.10.28"]
[EventType "swiss"]
[EventRounds "9"]
[EventCountry "POR"]
[Source "lmi"]
[SourceDate "2007.10.28"]

1. e4 c5 2. Nf3 e6 3. d4 cxd4 4. Nxd4 Nc6 5. Nb5 d6 6. c4 Nf6 7. N1c3 a6 8. Na3
Be7 9. Be2 O-O 10. O-O b6 11. Be3 Bb7 12. f3 Qc7 13. Rc1 Ne5 14. Qd4 Ned7 15.
Kh1 Rac8 16. Rfd1 Rfe8 17. Bf1 Qb8 18. Qd2 Bf8 19. Qf2 Ba8 20. Be2 Be7 21. Bf1
Bd8 22. Nab1 Bc7 23. Qg1 Bb7 24. a4 Kh8 25. Na3 Rg8 26. g3 g5 27. Bg2 Rg6 28.
Rc2 Rcg8 29. Qf2 h5 30. Kg1 Qf8 31. Kf1 Qg7 32. Ke2 Qh7 33. Nab1 R6g7 34. Nd2
d5 35. cxd5 exd5 36. Rcc1 Be5 37. Bd4 Re8 38. Kf1 h4 39. Bxe5 Rxe5 40. exd5 h3
41. Bh1 Nxd5 42. Nde4 Nxc3 43. Rxc3 f6 44. Nd6 Rd5 45. Rxd5 Bxd5 46. Qc2 Qxc2
47. Rxc2 Ne5 48. Rc8+ Kh7 49. Rb8 Re7 50. f4 Bxh1 51. fxe5 Rxe5 52. Re8 Rc5 53.
Rc8 Rd5 54. Rc7+ Kg6 55. Ne8 Bg2+ 56. Kg1 Rf5 57. Rc1 Re5 58. Nc7 Re2 59. Rc3
Bb7 60. g4 Rg2+ 0-1

[Event "4. Festival da Figueira da Foz"]
[Site "Figueira da Foz POR"]
[Date "2007.10.28"]
[Round "1.9"]
[White "Hoffmann, Michael"]
[Black "Vasques, Antonio"]
[Result "1-0"]
[WhiteElo "2471"]
[BlackElo "1839"]
[PlyCount "73"]
[EventDate "2007.10.28"]
[EventType "swiss"]
[EventRounds "9"]
[EventCountry "POR"]
[Source "lmi"]
[SourceDate "2007.10.28"]

1. d4 Nf6 2. c4 e6 3. Nf3 d5 4. Bg5 h6 5. Bxf6 Qxf6 6. e3 Bb4+ 7. Nbd2 c6 8.
Bd3 O-O 9. O-O Nd7 10. a3 Bd6 11. e4 e5 12. exd5 cxd5 13. cxd5 Bb8 14. d6 Qxd6
15. Nc4 Qf6 16. dxe5 Nxe5 17. Nfxe5 Bxe5 18. Nxe5 Qxe5 19. Qc2 Be6 20. Rfe1 Qa5
21. Qe2 Rfd8 22. Qe4 g6 23. Qxb7 Rab8 24. Qf3 Rb3 25. Re3 Qd2 26. Bf1 Rxb2 27.
Rae1 Qd5 28. Qf6 Qd4 29. Rxe6 fxe6 30. Qxg6+ Qg7 31. Qxe6+ Qf7 32. Qg4+ Kf8 33.
Qh4 Rd6 34. Bc4 Qf6 35. Qg3 Qg6 36. Qe5 Rb7 37. Qh8+ 1-0

[Event "4. Festival da Figueira da Foz"]
[Site "Figueira da Foz POR"]
[Date "2007.10.29"]
[Round "2.1"]
[White "Frois, Antonio"]
[Black "Spraggett, Kevin"]
[Result "0-1"]
[WhiteElo "2354"]
[BlackElo "2580"]
[PlyCount "84"]
[EventDate "2007.10.28"]
[EventType "swiss"]
[EventRounds "9"]
[EventCountry "POR"]
[Source "lmi"]
[SourceDate "2007.10.28"]

1. Nf3 Nf6 2. c4 d6 3. g3 c6 4. d4 g6 5. Bg2 Bg7 6. O-O O-O 7. Nc3 a6 8. a4 a5
9. b3 Na6 10. Bb2 Nh5 11. e3 f5 12. d5 e5 13. dxe6 Bxe6 14. Nd4 Bf7 15. Rb1 Nc5
16. Qc2 Re8 17. Rfd1 Nf6 18. Rd2 Qb6 19. Rbd1 Rad8 20. Ba3 Na6 21. Nde2 Nb4 22.
Qb1 Rxe3 23. fxe3 Qxe3+ 24. Kh1 Ng4 25. h3 Nf2+ 26. Kh2 Nxd1 27. Qxd1 Be5 28.
Bxb4 axb4 29. Rd3 Qg5 30. Nb1 h5 31. Kh1 h4 32. gxh4 Qxh4 33. Nd2 Bg7 34. Nf3
Qf2 35. Rd2 Bh6 36. Rc2 Qc5 37. Qd4 Be3 38. Qf6 Re8 39. Ng5 Bxg5 40. Qxg5 Re3
41. Nf4 Re1+ 42. Kh2 Qg1+ 0-1

[Event "4. Festival da Figueira da Foz"]
[Site "Figueira da Foz POR"]
[Date "2007.10.29"]
[Round "2.2"]
[White "Kociscak, Jiri"]
[Black "Paunovic, Dragan"]
[Result "1/2-1/2"]
[WhiteElo "2223"]
[BlackElo "2535"]
[PlyCount "87"]
[EventDate "2007.10.28"]
[EventType "swiss"]
[EventRounds "9"]
[EventCountry "POR"]
[Source "lmi"]
[SourceDate "2007.10.28"]

1. e4 c5 2. Nf3 e6 3. d4 cxd4 4. Nxd4 a6 5. Bd3 g6 6. c4 Bg7 7. Nb3 Ne7 8. O-O
O-O 9. Nc3 Nbc6 10. Be2 f5 11. c5 f4 12. Na4 Ne5 13. f3 N7c6 14. Bd2 d5 15. Nb6
Rb8 16. Be1 d4 17. Bd3 Bd7 18. a4 Be8 19. Na5 g5 20. Nxc6 Bxc6 21. b4 Qe8 22.
Qb3 Nxd3 23. Qxd3 g4 24. Bd2 gxf3 25. gxf3 Kh8 26. Kh1 e5 27. Rg1 Bf6 28. Qb3
Qh5 29. Nd5 Bh4 30. Be1 Rg8 31. Bxh4 Qxh4 32. b5 axb5 33. axb5 Bd7 34. Nb6 Qh3
35. Nxd7 Qxd7 36. Qd5 Qxd5 37. exd5 Rgd8 38. d6 b6 39. Ra7 bxc5 40. Rgg7 Rxd6
41. Rxh7+ Kg8 42. Rag7+ Kf8 43. Rf7+ Kg8 44. Rfg7+ 1/2-1/2

[Event "4. Festival da Figueira da Foz"]
[Site "Figueira da Foz POR"]
[Date "2007.10.29"]
[Round "2.3"]
[White "Galego, Luis"]
[Black "Alho, Diogo"]
[Result "0-1"]
[WhiteElo "2530"]
[BlackElo "2244"]
[PlyCount "128"]
[EventDate "2007.10.28"]
[EventType "swiss"]
[EventRounds "9"]
[EventCountry "POR"]
[Source "lmi"]
[SourceDate "2007.10.28"]

1. c4 g6 2. Nc3 Bg7 3. g3 Nf6 4. Bg2 O-O 5. e3 e5 6. Nge2 d6 7. O-O c6 8. d4
Qc7 9. h3 h5 10. b4 Nbd7 11. Bb2 Nb6 12. Qb3 Be6 13. d5 cxd5 14. cxd5 Bd7 15.
Rfc1 Qc4 16. Ba3 h4 17. g4 Rfc8 18. Qb2 Bxg4 19. b5 Bxe2 20. Nxe2 Qd3 21. Rd1
Qc2 22. Rac1 Qxb2 23. Bxb2 Rxc1 24. Rxc1 Rc8 25. Rxc8+ Nxc8 26. e4 Nd7 27. Kf1
Bh6 28. Nc1 Nf6 29. Ke2 Kf8 30. Kd3 Bf4 31. Ne2 Bg5 32. a4 Nb6 33. Ba3 Ke7 34.
a5 Na4 35. Kc4 Nd7 36. Ng1 Bd2 37. a6 Be1 38. axb7 Bxf2 39. Nf3 Bc5 40. Bxc5
Naxc5 41. b8=Q Nxb8 42. Nxe5 Nxe4 43. Nc6+ Nxc6 44. dxc6 f5 45. b6 d5+ 46. Kb5
Nd6+ 47. Ka5 axb6+ 48. Kxb6 d4 49. Bf1 Ke6 50. c7 g5 51. Ba6 Ke5 52. Kc5 g4 53.
Bf1 gxh3 54. Kb4 h2 55. Bg2 h3 56. Bh1 d3 57. Kc3 Nb5+ 58. Kxd3 Nxc7 59. Ke3
Nd5+ 60. Kf3 Nf6 61. Kg3 Ng4 62. Bb7 Kd4 63. Kxh3 h1=Q+ 64. Bxh1 Nf2+ 0-1

[Event "4. Festival da Figueira da Foz"]
[Site "Figueira da Foz POR"]
[Date "2007.10.29"]
[Round "2.4"]
[White "Leite, Catarina"]
[Black "Velicka, Petr"]
[Result "1-0"]
[WhiteElo "2191"]
[BlackElo "2519"]
[PlyCount "77"]
[EventDate "2007.10.28"]
[EventType "swiss"]
[EventRounds "9"]
[EventCountry "POR"]
[Source "lmi"]
[SourceDate "2007.10.28"]

1. e4 c5 2. c3 g6 3. Nf3 Bg7 4. d4 cxd4 5. cxd4 d5 6. e5 Nc6 7. Nc3 Bg4 8. Be3
Nh6 9. h3 Bxf3 10. Qxf3 Nf5 11. Rd1 e6 12. g4 Nxe3 13. Qxe3 O-O 14. g5 Bxe5 15.
dxe5 d4 16. Qf4 Qa5 17. Rxd4 Nxd4 18. Qxd4 Rfd8 19. Qe3 Rd5 20. f4 Rad8 21. Be2
Rd2 22. Qxd2 Rxd2 23. Kxd2 Qb4 24. Ke3 Qb6+ 25. Kf3 Qxb2 26. Ne4 Qa3+ 27. Kf2
Qa4 28. Bf3 Qxa2+ 29. Kg3 b5 30. Rd1 Qa5 31. Rc1 Kg7 32. Nf6 h6 33. h4 Qd8 34.
Rc6 hxg5 35. hxg5 b4 36. Rc1 Kf8 37. Rd1 Qc8 38. Bb7 Qc7 39. Rh1 1-0

[Event "4. Festival da Figueira da Foz"]
[Site "Figueira da Foz POR"]
[Date "2007.10.29"]
[Round "2.6"]
[White "Pintor, Ariana"]
[Black "Rusev, Krasimir"]
[Result "0-1"]
[WhiteElo "2142"]
[BlackElo "2479"]
[PlyCount "62"]
[EventDate "2007.10.28"]
[EventType "swiss"]
[EventRounds "9"]
[EventCountry "POR"]
[Source "lmi"]
[SourceDate "2007.10.28"]

1. e4 c5 2. Nf3 d6 3. d4 Nf6 4. Nc3 cxd4 5. Nxd4 Nc6 6. g3 g6 7. Bg2 Nxd4 8.
Qxd4 Bg7 9. O-O O-O 10. Qd3 a6 11. h3 Rb8 12. a4 Be6 13. f4 Qc8 14. Re1 Bxh3
15. Bf3 Bg4 16. Bg2 b5 17. axb5 axb5 18. Be3 b4 19. Ne2 Nh5 20. Ba7 Rb7 21. e5
Rd7 22. Qb5 dxe5 23. fxe5 Qxc2 24. Be3 Qxb2 25. Bf3 Bxf3 26. Qxd7 Bxe2 27. e6
Bc4 28. exf7+ Bxf7 29. Rab1 Qa2 30. Bf2 Bc4 31. Bd4 Bd5 0-1

[Event "4. Festival da Figueira da Foz"]
[Site "Figueira da Foz POR"]
[Date "2007.10.29"]
[Round "2.7"]
[White "Dimitrov, Vladimir"]
[Black "Galvao, Henrique"]
[Result "1-0"]
[WhiteElo "2471"]
[BlackElo "2187"]
[PlyCount "63"]
[EventDate "2007.10.28"]
[EventType "swiss"]
[EventRounds "9"]
[EventCountry "POR"]
[Source "lmi"]
[SourceDate "2007.10.28"]

1. e4 e5 2. Nf3 d5 3. exd5 e4 4. Qe2 Nf6 5. Nc3 Bc5 6. Nxe4 O-O 7. Nxf6+ Qxf6
8. c3 Bg4 9. d4 Nd7 10. h3 Bh5 11. g4 Rfe8 12. Be3 Bg6 13. Nd2 Bd6 14. Bg2 Rad8
15. h4 Bf4 16. h5 Bc2 17. Rh3 h6 18. Rc1 Bh7 19. Kf1 Qg5 20. Nf3 Bxe3 21. Nxg5
Bxc1 22. Ne4 Bxe4 23. Bxe4 Nf6 24. f3 Nxd5 25. Rh1 Bg5 26. Kf2 Re7 27. Qb5 c6
28. Qa4 Rde8 29. Qxa7 Rxe4 30. fxe4 Rxe4 31. Qxb7 Nf4 32. Qc8+ 1-0

[Event "4. Festival da Figueira da Foz"]
[Site "Figueira da Foz POR"]
[Date "2007.10.29"]
[Round "2.8"]
[White "Pereira, Edgar"]
[Black "Hoffmann, Michael"]
[Result "1/2-1/2"]
[WhiteElo "2106"]
[BlackElo "2471"]
[PlyCount "40"]
[EventDate "2007.10.28"]
[EventType "swiss"]
[EventRounds "9"]
[EventCountry "POR"]
[Source "lmi"]
[SourceDate "2007.10.28"]

1. e4 c5 2. Nf3 d6 3. d4 cxd4 4. Nxd4 Nf6 5. Nc3 a6 6. Bg5 e6 7. f4 Qc7 8. Qf3
b5 9. Bd3 b4 10. Nce2 Nbd7 11. O-O-O Bb7 12. Ng3 g6 13. h4 h5 14. Rhe1 Bg7 15.
Qe3 Nc5 16. f5 O-O-O 17. Rf1 Rhf8 18. Nf3 Nxd3+ 19. Rxd3 exf5 20. exf5 a5
1/2-1/2

[Event "4. Festival da Figueira da Foz"]
[Site "Figueira da Foz POR"]
[Date "2007.10.29"]
[Round "2.9"]
[White "Dias, Paulo"]
[Black "Ribeiro, Jose"]
[Result "1-0"]
[WhiteElo "2443"]
[BlackElo "2160"]
[PlyCount "51"]
[EventDate "2007.10.28"]
[EventType "swiss"]
[EventRounds "9"]
[EventCountry "POR"]
[Source "lmi"]
[SourceDate "2007.10.28"]

1. c4 Nf6 2. Nc3 d5 3. cxd5 Nxd5 4. g3 g6 5. Bg2 Nxc3 6. bxc3 Bg7 7. Rb1 c6 8.
d4 Qa5 9. Bd2 Qxa2 10. Nf3 O-O 11. O-O Nd7 12. Ra1 Qb2 13. e4 e5 14. h4 exd4
15. cxd4 Nf6 16. e5 Nd5 17. Rb1 Qa2 18. Ng5 f6 19. exf6 Bxf6 20. Ne4 Bxd4 21.
Bh6 Bg7 22. Bxg7 Kxg7 23. Qd4+ Kg8 24. h5 b6 25. h6 Rf7 26. Ng5 1-0

[Event "4. Festival da Figueira da Foz"]
[Site "Figueira da Foz POR"]
[Date "2007.10.29"]
[Round "2.10"]
[White "Felizes, Paulo"]
[Black "Bellon Lopez, Juan Manuel"]
[Result "0-1"]
[WhiteElo "2072"]
[BlackElo "2434"]
[PlyCount "78"]
[EventDate "2007.10.28"]
[EventType "swiss"]
[EventRounds "9"]
[EventCountry "POR"]
[Source "lmi"]
[SourceDate "2007.10.28"]

1. d4 c5 2. Nc3 cxd4 3. Qxd4 Nc6 4. Qh4 d5 5. e3 Bf5 6. Nf3 Bxc2 7. Bb5 Bf5 8.
O-O a6 9. Bxc6+ bxc6 10. Rd1 Nf6 11. Nd4 Bd7 12. e4 e6 13. Bg5 Be7 14. Rac1 h6
15. e5 Nh7 16. Bxe7 Qxe7 17. Qxe7+ Kxe7 18. Na4 Rac8 19. Rc5 f6 20. Nb6 Rc7 21.
f4 fxe5 22. fxe5 Rb8 23. Nxd7 Kxd7 24. Rf1 Ng5 25. h4 Rb4 26. hxg5 Rxd4 27.
gxh6 gxh6 28. Ra5 Re4 29. Rf7+ Kc8 30. Rf6 Rxe5 31. Rxa6 Kb7 32. Ra3 c5 33.
Rxh6 c4 34. Kf2 d4 35. Rh4 d3 36. Rd4 Re2+ 37. Kf3 e5 38. Rd6 Rxb2 39. Rd8 c3
0-1

[Event "4. Festival da Figueira da Foz"]
[Site "Figueira da Foz POR"]
[Date "2007.10.29"]
[Round "2.11"]
[White "Vitor, Antonio"]
[Black "Morais, Vitor"]
[Result "1/2-1/2"]
[WhiteElo "2371"]
[BlackElo "2113"]
[PlyCount "67"]
[EventDate "2007.10.28"]
[EventType "swiss"]
[EventRounds "9"]
[EventCountry "POR"]
[Source "lmi"]
[SourceDate "2007.10.28"]

1. d4 d5 2. c4 Nf6 3. cxd5 Nxd5 4. Nf3 e6 5. g3 c5 6. Bg2 Nc6 7. O-O Be7 8.
dxc5 Bxc5 9. e4 Ndb4 10. Qxd8+ Nxd8 11. a3 Nd3 12. b4 Nxc1 13. Rxc1 Bb6 14.
Nbd2 O-O 15. b5 f6 16. a4 Nf7 17. a5 Bd8 18. Nd4 e5 19. Nf5 g6 20. Ne3 Bd7 21.
Bf1 Rc8 22. Rxc8 Bxc8 23. Bc4 Kg7 24. Bd5 Nd6 25. a6 bxa6 26. bxa6 Bb6 27. Kg2
Rd8 28. Ndc4 Nxc4 29. Nxc4 Bd4 30. Ra5 Rd7 31. Be6 Rc7 32. Bxc8 Rxc4 33. Be6
Rc2 34. Ra2 1/2-1/2

[Event "4. Festival da Figueira da Foz"]
[Site "Figueira da Foz POR"]
[Date "2007.10.30"]
[Round "3.1"]
[White "Spraggett, Kevin"]
[Black "Dias, Paulo"]
[Result "1-0"]
[WhiteElo "2580"]
[BlackElo "2443"]
[PlyCount "82"]
[EventDate "2007.10.28"]
[EventType "swiss"]
[EventRounds "9"]
[EventCountry "POR"]
[Source "lmi"]
[SourceDate "2007.10.28"]

1. e4 e5 2. Nf3 Nc6 3. Bb5 a6 4. Ba4 Nf6 5. O-O Be7 6. Re1 b5 7. Bb3 d6 8. c3
O-O 9. h3 Na5 10. Bc2 c5 11. d4 Nd7 12. d5 b4 13. b3 bxc3 14. Nxc3 Rb8 15. Ne2
Re8 16. Ng3 Nf6 17. Bd2 Nb7 18. Bd3 a5 19. a4 h6 20. Bc3 Nh7 21. Nd2 Bg5 22.
Nc4 Bf4 23. Bf1 Qh4 24. Nh5 Ng5 25. Nxf4 exf4 26. Nd2 c4 27. bxc4 Nc5 28. Nf3
Nxf3+ 29. Qxf3 Rb3 30. Reb1 Rxb1 31. Rxb1 Bd7 32. Re1 Bxa4 33. e5 dxe5 34. Rxe5
Rb8 35. d6 Ne6 36. Rxa5 Bd7 37. Ra8 Qd8 38. Rxb8 Qxb8 39. Be5 g5 40. Qh5 Qf8
41. Bf6 f3 1-0

[Event "4. Festival da Figueira da Foz"]
[Site "Figueira da Foz POR"]
[Date "2007.10.30"]
[Round "3.3"]
[White "Paunovic, Dragan"]
[Black "Pereira, Edgar"]
[Result "1-0"]
[WhiteElo "2535"]
[BlackElo "2106"]
[PlyCount "88"]
[EventDate "2007.10.28"]
[EventType "swiss"]
[EventRounds "9"]
[EventCountry "POR"]
[Source "lmi"]
[SourceDate "2007.10.28"]

1. c4 Nf6 2. g3 g6 3. Bg2 c5 4. Nf3 Bg7 5. O-O O-O 6. d4 cxd4 7. Nxd4 Nc6 8. c5
Qa5 9. Nb3 Qa6 10. Nc3 Na5 11. Bg5 Nxb3 12. axb3 Qe6 13. b4 Qg4 14. Bf4 g5 15.
Bf3 Qf5 16. e4 Qg6 17. Be3 g4 18. Bg2 e5 19. Qd6 Ne8 20. Qxg6 hxg6 21. Nd5 a6
22. Rfd1 Nf6 23. Nb6 Rb8 24. Bg5 Re8 25. Rd6 Nh7 26. Bd2 Nf8 27. Bc3 Re6 28. h3
Rxd6 29. cxd6 gxh3 30. Bxh3 Bf6 31. Rc1 Bd8 32. Nd5 f6 33. f4 exf4 34. Bxf6
Bxf6 35. Nxf6+ Kf7 36. Nd5 b5 37. Nxf4 Bb7 38. e5 g5 39. Nd3 Rc8 40. Rxc8 Bxc8
41. Nc5 Ke8 42. Bf5 Kf7 43. Kf2 Ng6 44. Bxg6+ Kxg6 1-0

[Event "4. Festival da Figueira da Foz"]
[Site "Figueira da Foz POR"]
[Date "2007.10.30"]
[Round "3.4"]
[White "Rusev, Krasimir"]
[Black "Leite, Catarina"]
[Result "1-0"]
[WhiteElo "2479"]
[BlackElo "2191"]
[PlyCount "61"]
[EventDate "2007.10.28"]
[EventType "swiss"]
[EventRounds "9"]
[EventCountry "POR"]
[Source "lmi"]
[SourceDate "2007.10.28"]

1. d4 d5 2. Nf3 c6 3. c4 Nf6 4. Nc3 dxc4 5. e3 b5 6. a4 b4 7. Na2 e6 8. Bxc4
Bb7 9. O-O Be7 10. Qe2 O-O 11. Rd1 Nbd7 12. Bd2 a5 13. Nc1 Qb6 14. Nb3 c5 15.
Be1 Rfd8 16. Bb5 cxd4 17. Nfxd4 Nc5 18. Nd2 e5 19. Nc4 Qc7 20. Nf5 Bf8 21. f3
Nd5 22. Bg3 f6 23. e4 Nf4 24. Bxf4 exf4 25. e5 Bc6 26. exf6 Bxb5 27. fxg7 Re8
28. gxf8=Q+ Kxf8 29. Qc2 Bxa4 30. b3 Nxb3 31. Rxa4 1-0

[Event "4. Festival da Figueira da Foz"]
[Site "Figueira da Foz POR"]
[Date "2007.10.30"]
[Round "3.5"]
[White "Alho, Diogo"]
[Black "Dimitrov, Vladimir"]
[Result "0-1"]
[WhiteElo "2244"]
[BlackElo "2471"]
[PlyCount "64"]
[EventDate "2007.10.28"]
[EventType "swiss"]
[EventRounds "9"]
[EventCountry "POR"]
[Source "lmi"]
[SourceDate "2007.10.28"]

1. d4 Nf6 2. Nf3 e6 3. g3 c5 4. Bg2 cxd4 5. Nxd4 a6 6. O-O Qc7 7. e4 d6 8. Qe2
Nc6 9. Nxc6 bxc6 10. g4 h6 11. h3 Rb8 12. b3 Be7 13. Bb2 e5 14. Nd2 Nd7 15. Nc4
h5 16. Rfd1 hxg4 17. hxg4 Nc5 18. Ba3 Be6 19. Bc1 Rb4 20. Nb2 d5 21. exd5 cxd5
22. c4 d4 23. Nd3 Nxd3 24. Rxd3 Rh4 25. Rg3 f6 26. Ba3 Rb8 27. Bxe7 Kxe7 28.
Re1 g5 29. Be4 Rbh8 30. c5 Qxc5 31. Qxa6 Bd5 32. Qd3 Rh1+ 0-1

[Event "4. Festival da Figueira da Foz"]
[Site "Figueira da Foz POR"]
[Date "2007.10.30"]
[Round "3.6"]
[White "Morais, Vitor"]
[Black "Romanishin, Oleg"]
[Result "0-1"]
[WhiteElo "2113"]
[BlackElo "2547"]
[PlyCount "71"]
[EventDate "2007.10.28"]
[EventType "swiss"]
[EventRounds "9"]
[EventCountry "POR"]
[Source "lmi"]
[SourceDate "2007.10.28"]

1. Nf3 Nf6 2. g3 d5 3. Bg2 g6 4. O-O Bg7 5. c4 dxc4 6. Qa4+ Nbd7 7. Qxc4 O-O 8.
d3 e5 9. Nc3 c6 10. a4 a5 11. Qh4 Qb6 12. Rb1 Qb4 13. Bg5 Qxh4 14. Nxh4 h6 15.
Bd2 Re8 16. Rfd1 Bf8 17. h3 Nc5 18. Nf3 e4 19. dxe4 Nfxe4 20. Nxe4 Nxe4 21. e3
Bf5 22. Ra1 Nxd2 23. Nxd2 Bb4 24. Nc4 Rad8 25. Rdc1 h5 26. Bf1 Re7 27. Kg2 Be4+
28. Kh2 Red7 29. Bg2 Bf5 30. Bf3 Be6 31. Kg2 Kg7 32. Rc2 Bf5 33. Rcc1 Bd2 34.
Rg1 Be6 35. b3 Rd3 36. Rab1 0-1

[Event "4. Festival da Figueira da Foz"]
[Site "Figueira da Foz POR"]
[Date "2007.10.30"]
[Round "3.7"]
[White "Hoffmann, Michael"]
[Black "Kociscak, Jiri"]
[Result "1-0"]
[WhiteElo "2471"]
[BlackElo "2223"]
[PlyCount "67"]
[EventDate "2007.10.28"]
[EventType "swiss"]
[EventRounds "9"]
[EventCountry "POR"]
[Source "lmi"]
[SourceDate "2007.10.28"]

1. e4 e5 2. Nf3 Nc6 3. Bb5 a6 4. Ba4 Nf6 5. O-O Be7 6. Re1 b5 7. Bb3 O-O 8. h3
d6 9. c3 Na5 10. Bc2 c5 11. d4 Qc7 12. Nbd2 cxd4 13. cxd4 Nc6 14. a3 exd4 15.
Nb3 d5 16. e5 Ne4 17. Bf4 Bb7 18. Rc1 Qb6 19. Nfxd4 f6 20. Be3 Nxe5 21. Nf5 Qe6
22. Nxe7+ Qxe7 23. Bxe4 dxe4 24. Bc5 Qf7 25. Bxf8 Rxf8 26. Nc5 f5 27. Qd6 Nc4
28. Qd4 Bc6 29. b3 Na5 30. Rc3 Bd5 31. Rd1 Rd8 32. Nxa6 f4 33. Rc5 e3 34. Rxd5
1-0